Lippincott's Textbook for Nursing Assistants: a humanistic approach to caregiving (Record no. 4439)

MARC details
000 -LEADER
fixed length control field 00676nam a22002297a 4500
003 - CONTROL NUMBER IDENTIFIER
control field OSt
005 - DATE AND TIME OF LATEST TRANSACTION
control field 20160622170618.0
008 - FIXED-LENGTH DATA ELEMENTS--GENERAL INFORMATION
fixed length control field 160622b xxu||||| |||| 00| 0 eng d
020 ## - INTERNATIONAL STANDARD BOOK NUMBER
International Standard Book Number 9781605476353
020 ## - INTERNATIONAL STANDARD BOOK NUMBER
International Standard Book Number 1605476358
040 ## - CATALOGING SOURCE
Transcribing agency DNLM
082 ## - DEWEY DECIMAL CLASSIFICATION NUMBER
Classification number WY193 C24i 2012
100 ## - MAIN ENTRY--PERSONAL NAME
Personal name Carter, Pamela J.
9 (RLIN) 9524
245 ## - TITLE STATEMENT
Title Lippincott's Textbook for Nursing Assistants: a humanistic approach to caregiving
250 ## - EDITION STATEMENT
Edition statement 3rd ed.
260 ## - PUBLICATION, DISTRIBUTION, ETC. (IMPRINT)
Place of publication, distribution, etc. Philadelphia; Wolter Kluwer, 2012
300 ## - PHYSICAL DESCRIPTION
Extent xxxiii,862p; col.ill: 28cm
504 ## - BIBLIOGRAPHY, ETC. NOTE
Bibliography, etc Appendice, glossary, & index included
650 ## - SUBJECT ADDED ENTRY--TOPICAL TERM
Topical term or geographic name as entry element Nursing practice
9 (RLIN) 705
650 ## - SUBJECT ADDED ENTRY--TOPICAL TERM
Topical term or geographic name as entry element Caregiving nursing
9 (RLIN) 9547
942 ## - ADDED ENTRY ELEMENTS (KOHA)
Source of classification or shelving scheme Other/Generic Classification Scheme
Koha item type Open Shelf
Holdings
Withdrawn status Lost status Source of classification or shelving scheme Damaged status Not for loan Home library Current library Date acquired Source of acquisition Inventory number Total Checkouts Full call number Barcode Date last seen Koha item type
    Other/Generic Classification Scheme     MUST Main Library MUST Main Library 22/06/2016   14/37964   WY193 C24i 2012 2016-2642 22/06/2016 Open Shelf
    Other/Generic Classification Scheme     MUST Main Library MUST Main Library 22/06/2016   14/37965   WY193 C24i 2012 2016-2643 22/06/2016 Open Shelf